000
00306nam a2200145Ia 4500
100
_a
Mittal/G.K
942
_c
BK
654
_a
Network analaysis
245
_a
Network analaysis
260
_b
Khanna publishers
_a
Delhi
_c
1983
082
_a
621.31042
300
_a
1022
546
_a
ENGLISH
999
_c
28711
_d
28711